Czy znasz definicję następujących słów? #2 - Statystyki

Ogólne statystyki
  • Ten quiz został rozwiązany 44 razy
  • Średni wynik to 9 z 15
Statystyki odpowiedzi
Zagadnienie Odpowiedź % Poprawnych
Arbitraż Sposób rozwiązywania sporów prawnych bez odwoływania się do sądu powszechnego.
100%
Elaborat Obszerne pisemne opracowanie jakiegoś zagadnienia, napisane szablonowo, bez inwencji.
90%
Meander Kolisty zakręt koryta rzeki.
80%
Kuriozum Rzecz lub zjawisko osobliwe, budzące zdumienie swoją niezwykłością.
80%
Somnambulizm Inne określenie lunatykowania.
70%
Preambuła Uroczysty wstęp poprzedzający właściwy tekst ważnego aktu prawnego.
70%
Kworum Liczba członków jakiegoś zgromadzenia niezbędna do prowadzenia obrad, prawomocności wyborów.
60%
Afront Zniewaga, obraza.
60%
Elewator Magazyn zbożowy.
50%
Harpagon Osoba bardzo skąpa.
50%
Eponim Słowo utworzone od nazwy własnej.
50%
Inklinacja Skłonność do czegoś albo upodobanie.
40%
Kwestura Dział finansowo-księgowy na wyższej uczelni.
30%
Cezura Moment oznaczający przełom w życiu jednostki bądź zbiorowości.
30%
Ekumena Obszar stale zamieszkany i eksploatowany gospodarczo przez człowieka.
30%
Nie znaleziono quizów pasujących do podanych kryteriów
Rozkład punktacji
Procent ludzi z każdym wynikiem
Percentyl według liczby udzielonych odpowiedzi
Twoja historia wyników
Nie rozwiązałeś tego quizu